[Event "Titled Tuesday intern op 13th Dec Early"]
[Site "Chess.com INT"]
[Date "2022.12.13"]
[Round "2"]
[White "Galchenko, Matvey"]
[Black "Terzi, Alexei"]
[Result "1/2-1/2"]
[WhiteElo "2442"]
[BlackElo "2272"]
[PlyCount "142"]
[EventDate "2022.12.13"]
[EventType "swiss (blitz)"]
[EventRounds "11"]
[EventCountry "USA"]
[SourceTitle "EXT 2024"]
[Source "ChessBase"]
[SourceDate "2023.10.10"]
[SourceVersion "1"]
[SourceVersionDate "2023.10.10"]
[SourceQuality "1"]

1. f4 d5 2. Nf3 c5 3. g3 Nc6 4. Bg2 g6 5. 0-0 Bg7 6. d3 e6 7. Nc3 Nge7 8. e4 0-0 9. h3 b6 10. g4 dxe4 11. dxe4 Ba6 12. Re1 Qxd1 13. Rxd1 Bxc3 14. bxc3 Rad8 15. Be3 Rxd1+ 16. Rxd1 Rd8 17. Rxd8+ Nxd8 18. Kf2 Bc4 19. a3 Ndc6 20. Nd2 Ba6 21. Nb3 f6 22. h4 Kf7 23. Bf3 e5 24. f5 Nd8 25. Ke1 Nb7 26. a4 Nd6 27. Bc1 Bb7 28. Nd2 Bc6 29. a5 Nb5 30. axb6 axb6 31. Bb2 Nd6 32. Kf2 Nec8 33. Ke3 Na7 34. Be2 Bb5 35. c4 Ba4 36. Bd3 Nc6 37. Nf3 Nd4 38. Ne1 Bd7 39. Nf3 gxf5 40. gxf5 Nxf3 41. Kxf3 Bc6 42. Ke3 Bb7 43. Bc3 Ba6 44. Be2 Bxc4 45. Bh5+ Ke7 46. Bd2 Bb5 47. Bf3 Ba4 48. Kd3 Bb5+ 49. Kc3 Bc6 50. Kd3 Nxf5 51. exf5 Bxf3 52. Ke3 Bd1 53. Kd3 b5 54. Be3 Kd6 55. c4 b4 56. Bd2 b3 57. Kc3 Bc2 58. Bh6 Bxf5 59. Kxb3 Be6 60. Bf8+ Kc6 61. Bg7 f5 62. Bxe5 Kb6 63. Kc3 Bf7 64. Bf4 Kc6 65. Kd3 Kd7 66. Bh6 Kc6 67. Bf4 Be6 68. Kc3 Bg8 69. Kd3 Be6 70. Kc3 Kd7 71. Kd3 Kc6 1/2-1/2

[Event "Titled Tuesday intern op 13th Dec Early"]
[Site "Chess.com INT"]
[Date "2022.12.13"]
[Round "8"]
[White "Urazayev, Arystanbek"]
[Black "Terzi, Alexei"]
[Result "1-0"]
[WhiteElo "2465"]
[BlackElo "2272"]
[PlyCount "217"]
[EventDate "2022.12.13"]
[EventType "swiss (blitz)"]
[EventRounds "11"]
[EventCountry "USA"]
[SourceTitle "EXT 2024"]
[Source "ChessBase"]
[SourceDate "2023.10.10"]
[SourceVersion "1"]
[SourceVersionDate "2023.10.10"]
[SourceQuality "1"]

1. e4 c5 2. Nf3 Nc6 3. Bb5 g6 4. 0-0 Bg7 5. c3 Nf6 6. e5 Nd5 7. d4 cxd4 8. cxd4 0-0 9. Nc3 Nc7 10. Bf4 Nxb5 11. Nxb5 a6 12. Nc3 d6 13. exd6 exd6 14. d5 Ne5 15. Nxe5 dxe5 16. Be3 Bd7 17. Bc5 Re8 18. d6 Bc6 19. Nd5 Bxd5 20. Qxd5 Qd7 21. Rfd1 Rac8 22. Rac1 Rc6 23. Ba3 Rec8 24. Rxc6 Rxc6 25. h4 h6 26. h5 gxh5 27. Qf3 h4 28. Qh3 Qd8 29. d7 Bf6 30. Qg4+ Kh8 31. Bd6 Qg8 32. Qf5 Kg7 33. Bxe5 Qd8 34. Qg4+ Kf8 35. Bd6+ Be7 36. Qxh4 Rxd6 37. Qg4 Rxd1+ 38. Qxd1 Qb6 39. Qc1 Bd8 40. Qc3 Ke7 41. Qd2 Qd6 42. Qc2 Kxd7 43. Qb3 b5 44. Qxf7+ Kc6 45. g3 Bc7 46. Qe8+ Kb7 47. a4 Qc6 48. Qe1 bxa4 49. Kh2 Qc5 50. Qe4+ Qc6 51. Qe1 Qb5 52. Qe4+ Kb8 53. Qd4 Be5 54. Qd8+ Kb7 55. Qe7+ Bc7 56. Qe4+ Qc6 57. Qb4+ Kc8 58. f4 h5 59. Qd4 Kb7 60. Qb4+ Bb6 61. Qe7+ Qc7 62. Qe4+ Ka7 63. Kh3 Qd7+ 64. f5 Qg7 65. Qc2 Qg4+ 66. Kh2 h4 67. gxh4 Qxh4+ 68. Kg2 Qg4+ 69. Kh2 Qf4+ 70. Kg2 Qg5+ 71. Kf3 Qe3+ 72. Kg4 Qd4+ 73. Kh5 Bd8 74. Kg6 Qf6+ 75. Kh7 Qf7+ 76. Kh6 Qf6+ 77. Kh7 Kb7 78. Kg8 Kb6 79. Qf2+ Kb5 80. Qc2 Kb4 81. Kh7 Kb5 82. Kg8 a5 83. Qd3+ Kb4 84. Qa3+ Kb5 85. Qd3+ Kc6 86. Qa6+ Kd5 87. Qb5+ Ke4 88. Qxa4+ Kxf5 89. Qc2+ Ke5 90. b4 Qg6+ 91. Qxg6 axb4 92. Qb1 Be7 93. Qb3 Bc5 94. Kf7 Kd4 95. Ke8 Ke5 96. Kd7 Bd4 97. Kc6 Bc3 98. Kb6 Kd4 99. Kb5 Ke5 100. Qc4 Kd6 101. Ka4 Kd7 102. Kb3 Kd6 103. Kc2 Ke5 104. Kd3 Kd6 105. Ke4 Kd7 106. Qa6 Kc7 107. Kd5 Kd7 108. Qb7+ Ke8 109. Ke6 1-0

[Event "Titled Tuesday intern op 06th Dec Early"]
[Site "Chess.com INT"]
[Date "2022.12.06"]
[Round "5"]
[White "Gatterer, Florian"]
[Black "Terzi, Alexei"]
[Result "1/2-1/2"]
[WhiteElo "2175"]
[BlackElo "2272"]
[PlyCount "43"]
[EventDate "2022.12.06"]
[EventType "swiss (blitz)"]
[EventRounds "11"]
[EventCountry "USA"]
[SourceTitle "CBM 211 Extra"]
[Source "ChessBase"]
[SourceDate "2023.01.31"]
[SourceVersion "1"]
[SourceVersionDate "2023.01.31"]
[SourceQuality "1"]

1. c4 c5 2. Nf3 g6 3. g3 Bg7 4. Bg2 Nc6 5. 0-0 e5 6. Nc3 Nge7 7. d3 d6 8. Ne1 0-0 9. Nc2 h6 10. Ne3 Kh7 11. Ned5 Nxd5 12. Nxd5 Ne7 13. Rb1 a5 14. b3 Nxd5 15. Bxd5 Qe7 16. a3 Be6 17. Bg2 Rfd8 18. b4 cxb4 19. axb4 axb4 20. Rxb4 d5 21. Qb3 dxc4 22. dxc4 1/2-1/2

[Event "Titled Tuesday intern op 06th Dec Early"]
[Site "Chess.com INT"]
[Date "2022.12.06"]
[Round "1"]
[White "Sailer, Mike L"]
[Black "Terzi, Alexei"]
[Result "0-1"]
[WhiteElo "2109"]
[BlackElo "2272"]
[PlyCount "50"]
[EventDate "2022.12.06"]
[EventType "swiss (blitz)"]
[EventRounds "11"]
[EventCountry "USA"]
[SourceTitle "CBM 211 Extra"]
[Source "ChessBase"]
[SourceDate "2023.01.31"]
[SourceVersion "1"]
[SourceVersionDate "2023.01.31"]
[SourceQuality "1"]

1. Nf3 c5 2. c4 g6 3. g3 Nc6 4. Bg2 Bg7 5. 0-0 Nf6 6. d4 cxd4 7. Nxd4 0-0 8. Nc3 Qa5 9. Nb3 Qh5 10. e4 d6 11. Qxh5 Nxh5 12. Bg5 Bxc3 13. bxc3 f6 14. Be3 Ne5 15. c5 dxc5 16. Bxc5 Re8 17. Rad1 b6 18. Ba3 Ba6 19. Rfe1 Rac8 20. Re3 Nc4 21. Bc1 Nxe3 22. Bxe3 Rxc3 23. h3 Bc4 24. Nd4 Ng7 25. Nc6 Be2 0-1

[Event "Titled Tuesday intern op 06th Dec Early"]
[Site "Chess.com INT"]
[Date "2022.12.06"]
[Round "2"]
[White "Xu, Yi"]
[Black "Terzi, Alexei"]
[Result "1-0"]
[WhiteElo "2510"]
[BlackElo "2272"]
[PlyCount "69"]
[EventDate "2022.12.06"]
[EventType "swiss (blitz)"]
[EventRounds "11"]
[EventCountry "USA"]
[SourceTitle "CBM 211 Extra"]
[Source "ChessBase"]
[SourceDate "2023.01.31"]
[SourceVersion "1"]
[SourceVersionDate "2023.01.31"]
[SourceQuality "1"]

1. e4 c5 2. Nf3 Nc6 3. Bb5 g6 4. 0-0 Bg7 5. c3 Nf6 6. Re1 0-0 7. d4 d5 8. e5 Ne4 9. Bxc6 bxc6 10. Be3 Rb8 11. Qc1 Bg4 12. Nbd2 Nxd2 13. Nxd2 cxd4 14. cxd4 c5 15. Qxc5 Rxb2 16. Nb3 Bf5 17. Qxa7 f6 18. exf6 Bxf6 19. h3 Qa8 20. Qc7 Rxa2 21. Rxa2 Qxa2 22. Nc5 Rc8 23. Qg3 Qb2 24. Qf3 Rd8 25. Rd1 Kg7 26. g4 Bc8 27. g5 Rf8 28. gxf6+ Rxf6 29. Qg2 Qe2 30. Rc1 Qh5 31. Nd3 Bxh3 32. Qg5 Qf3 33. Ne5 Qe2 34. Qh6+ Kg8 35. Qxh3 1-0

[Event "Titled Tuesday intern op 29th Nov Early"]
[Site "Chess.com INT"]
[Date "2022.11.29"]
[Round "1"]
[White "Terzi, Alexei"]
[Black "Shapiro, Daniel E"]
[Result "1-0"]
[WhiteElo "2272"]
[BlackElo "2284"]
[PlyCount "95"]
[EventDate "2022.11.29"]
[EventType "swiss (blitz)"]
[EventRounds "11"]
[EventCountry "USA"]
[SourceTitle "EXT 2024"]
[Source "ChessBase"]
[SourceDate "2023.10.10"]
[SourceVersion "1"]
[SourceVersionDate "2023.10.10"]
[SourceQuality "1"]

1. d4 Nf6 2. Nf3 b6 3. Bf4 Bb7 4. e3 e6 5. c4 d6 6. Nc3 Nbd7 7. h3 Qe7 8. Bg3 g6 9. Bd3 Bg7 10. 0-0 0-0 11. Re1 e5 12. Bf1 e4 13. Nd2 c6 14. Qb3 a6 15. a4 a5 16. Rec1 c5 17. Nb5 Ne8 18. Nb1 f5 19. N1c3 g5 20. Nd5 Bxd5 21. cxd5 f4 22. Bh2 h5 23. exf4 gxf4 24. dxc5 Nxc5 25. Qc2 Bh6 26. Re1 Qg7 27. Ra3 f3 28. Rxe4 Nxe4 29. Qxe4 Nf6 30. Qxf3 Ng4 31. Qg3 Bf4 32. Qxf4 Rxf4 33. Bxf4 Qf6 34. Bg3 Ne5 35. Re3 Rf8 36. f3 h4 37. Bxe5 dxe5 38. d6 Qf4 39. Re4 Qd2 40. Bc4+ Kg7 41. Rg4+ Kf6 42. Re4 Kf5 43. Rg4 Qe1+ 44. Kh2 Kf6 45. Nc7 Rd8 46. Nd5+ Kf5 47. Ne7+ Kf6 48. Rg6# 1-0

[Event "Titled Tuesday intern op 08th Nov Early"]
[Site "Chess.com INT"]
[Date "2022.11.08"]
[Round "11"]
[White "Do Nascimento, Christian Almeida"]
[Black "Terzi, Alexei"]
[Result "1-0"]
[WhiteElo "2087"]
[BlackElo "2272"]
[PlyCount "119"]
[EventDate "2022.11.08"]
[EventType "swiss (blitz)"]
[EventRounds "11"]
[EventCountry "USA"]
[SourceTitle "EXT 2024"]
[Source "ChessBase"]
[SourceDate "2023.10.10"]
[SourceVersion "1"]
[SourceVersionDate "2023.10.10"]
[SourceQuality "1"]

1. e4 e6 2. d4 d5 3. Nc3 Bb4 4. e5 Ne7 5. a3 Bxc3+ 6. bxc3 c5 7. a4 Qa5 8. Qd2 Nbc6 9. Nf3 Bd7 10. Bd3 Rc8 11. 0-0 cxd4 12. cxd4 Qxd2 13. Bxd2 Nf5 14. Bxf5 exf5 15. Rfb1 Rc7 16. c4 Be6 17. c5 Kd7 18. a5 h6 19. h4 Rb8 20. Rb2 Rg8 21. Rab1 Kc8 22. Kf1 Bd7 23. Ke1 a6 24. Rb6 Nd8 25. Ng1 Ne6 26. Ne2 Rc6 27. Rxb7 Kd8 28. R1b6 Re8 29. Ra7 Nc7 30. Nc3 Ree6 31. Rb8+ Bc8 32. Rb6 Rg6 33. g3 Rge6 34. f4 Rg6 35. Kf2 Rge6 36. Bc1 h5 37. Ne2 Rg6 38. Ng1 Rge6 39. Nf3 f6 40. Bb2 Kd7 41. Bc3 Kd8 42. Bd2 Kd7 43. Be3 Kd8 44. Bd2 Kd7 45. Be1 Kd8 46. Kg2 Kd7 47. Kf2 Kd8 48. Ng1 Kd7 49. Ne2 Kd8 50. Nc1 Bd7 51. Rb8+ Bc8 52. Rb6 Bd7 53. Nd3 Bc8 54. Nb4 Rxb6 55. axb6 Nb5 56. Ra8 Kd7 57. c6+ Ke7 58. b7 Bxb7 59. cxb7 Rb6 60. Nxd5+ 1-0

[Event "Titled Tuesday intern op 18th Oct Early"]
[Site "Chess.com INT"]
[Date "2022.10.18"]
[Round "11"]
[White "Okeke, Isaac Chukwudalu"]
[Black "Terzi, Alexei"]
[Result "1-0"]
[WhiteElo "2194"]
[BlackElo "2272"]
[PlyCount "115"]
[EventDate "2022.10.18"]
[EventType "swiss (blitz)"]
[EventRounds "11"]
[EventCountry "USA"]
[SourceTitle "EXT 2024"]
[Source "ChessBase"]
[SourceDate "2023.10.10"]
[SourceVersion "1"]
[SourceVersionDate "2023.10.10"]
[SourceQuality "1"]

1. e4 e6 2. d4 d5 3. e5 c5 4. c3 Qb6 5. Nf3 Nc6 6. a3 Bd7 7. b4 cxd4 8. cxd4 Rc8 9. Be2 a5 10. b5 Nxd4 11. Nxd4 Rxc1 12. Qxc1 Qxd4 13. Qc3 Bc5 14. 0-0 Qxc3 15. Nxc3 Bd4 16. Rac1 Bxe5 17. Na4 Nf6 18. Nc5 b6 19. Na4 Ke7 20. Nxb6 Rb8 21. Nxd7 Kxd7 22. Rc6 Ne4 23. Rfc1 Bd6 24. f3 Nf6 25. a4 Rb7 26. b6 Bf4 27. Bb5 Bxc1 28. Rc7+ Kd6 29. Rxb7 e5 30. Kf1 Be3 31. Rxf7 Bxb6 32. Rxg7 e4 33. fxe4 dxe4 34. Ke2 Bc5 35. g4 h6 36. Rg6 Ke5 37. h4 Nd5 38. Rxh6 Nf4+ 39. Kd1 e3 40. g5 Kf5 41. Be2 Bb4 42. Rh8 Nd5 43. Bd3+ Kg4 44. g6 Nc3+ 45. Kc2 Kf3 46. g7 e2 47. Bxe2+ Nxe2 48. g8Q Nd4+ 49. Kd3 Nf5 50. Qa8+ Kf4 51. Rf8 Kg4 52. Rxf5 Kxf5 53. h5 Kg5 54. Qh1 Kh6 55. Ke4 Bd2 56. Kf5 Bb4 57. Qg2 Bd2 58. Qg6# 1-0

[Event "Titled Tuesday intern op 18th Oct Early"]
[Site "Chess.com INT"]
[Date "2022.10.18"]
[Round "5"]
[White "Terzi, Alexei"]
[Black "Visakh, Narayanan Rajeswari"]
[Result "0-1"]
[WhiteElo "2272"]
[BlackElo "2566"]
[PlyCount "62"]
[EventDate "2022.10.18"]
[EventType "swiss (blitz)"]
[EventRounds "11"]
[EventCountry "USA"]
[SourceTitle "EXT 2024"]
[Source "ChessBase"]
[SourceDate "2023.10.10"]
[SourceVersion "1"]
[SourceVersionDate "2023.10.10"]
[SourceQuality "1"]

1. e4 c5 2. Nc3 g6 3. f4 Nc6 4. Nf3 Bg7 5. Bc4 e6 6. d3 Nge7 7. 0-0 0-0 8. Bb3 d5 9. e5 Rb8 10. Ne2 b5 11. c3 a5 12. a3 c4 13. Bc2 b4 14. axb4 axb4 15. Ba4 cxd3 16. Qxd3 Ra8 17. Be3 Ba6 18. Qd2 bxc3 19. bxc3 Na5 20. Bc5 Qc7 21. Qd4 Bxe2 22. Bd6 Qa7 23. Rfb1 Bxf3 24. gxf3 Rfc8 25. Bb5 Qxd4+ 26. cxd4 Nac6 27. Bc5 Bf8 28. Ra6 Rxa6 29. Bxa6 Rb8 30. Ra1 Nf5 31. Bxf8 Kxf8 0-1

[Event "Titled Tuesday intern op 18th Oct Early"]
[Site "Chess.com INT"]
[Date "2022.10.18"]
[Round "2"]
[White "Terzi, Alexei"]
[Black "Zhigalko, Sergei"]
[Result "0-1"]
[WhiteElo "2272"]
[BlackElo "2572"]
[PlyCount "118"]
[EventDate "2022.10.18"]
[EventType "swiss (blitz)"]
[EventRounds "11"]
[EventCountry "USA"]
[SourceTitle "EXT 2024"]
[Source "ChessBase"]
[SourceDate "2023.10.10"]
[SourceVersion "1"]
[SourceVersionDate "2023.10.10"]
[SourceQuality "1"]

1. e4 c5 2. Nc3 Nc6 3. Bb5 Nd4 4. Nf3 e6 5. 0-0 a6 6. Bd3 Nxf3+ 7. Qxf3 Qc7 8. b3 Bd6 9. g3 Ne7 10. Bb2 Be5 11. a4 0-0 12. Qe2 b6 13. Nd1 Bb7 14. Bxe5 Qxe5 15. Ne3 Rfd8 16. Nc4 Qc7 17. e5 Nc8 18. Qh5 g6 19. Qg5 d6 20. Rae1 b5 21. exd6 Nxd6 22. Nxd6 Qxd6 23. axb5 axb5 24. Bxb5 Qxd2 25. Qxd2 Rxd2 26. Re2 Rdd8 27. f3 Bd5 28. Kf2 Rab8 29. Bd3 Bxb3 30. cxb3 Rxd3 31. Rc1 Rbxb3 32. f4 Rf3+ 33. Kg2 Rbc3 34. Rec2 Rxc2+ 35. Rxc2 Rd3 36. Rxc5 h5 37. Rc2 Kg7 38. Rb2 Kf6 39. Kf2 h4 40. Kg2 Kf5 41. Rb5+ Kf6 42. Rb2 Rc3 43. Kh3 hxg3 44. hxg3 Rd3 45. Rc2 Kf5 46. Rc5+ Rd5 47. Rc7 f6 48. Rc4 g5 49. g4+ Kg6 50. fxg5 Kxg5 51. Rc3 Rd4 52. Rc5+ e5 53. Rc8 Rd3+ 54. Kh2 Kxg4 55. Kg2 Rd2+ 56. Kf1 e4 57. Ke1 Rh2 58. Re8 f5 59. Rg8+ Kf4 0-1

[Event "Titled Tuesday intern op 11th Oct Early"]
[Site "Chess.com INT"]
[Date "2022.10.11"]
[Round "6"]
[White "Samarth, J Rao"]
[Black "Terzi, Alexei"]
[Result "1-0"]
[WhiteElo "1664"]
[BlackElo "2272"]
[PlyCount "163"]
[EventDate "2022.10.11"]
[EventType "swiss (blitz)"]
[EventRounds "11"]
[EventCountry "USA"]
[SourceTitle "EXT 2024"]
[Source "ChessBase"]
[SourceDate "2023.10.10"]
[SourceVersion "1"]
[SourceVersionDate "2023.10.10"]
[SourceQuality "1"]

1. c4 c5 2. e3 Nc6 3. d4 cxd4 4. exd4 d5 5. cxd5 Qxd5 6. Nf3 Bg4 7. Be2 e6 8. Nc3 Qa5 9. 0-0 Nf6 10. Be3 Be7 11. a3 0-0 12. b4 Qd8 13. h3 Bh5 14. Rc1 Nd5 15. Nxd5 exd5 16. Ne5 Bxe2 17. Qxe2 Rc8 18. Nxc6 Rxc6 19. Rxc6 bxc6 20. Qa6 Qd7 21. Rc1 Rc8 22. b5 Bd6 23. bxc6 Qc7 24. Bd2 Ra8 25. Qb7 Rb8 26. Qxc7 Bxc7 27. Bb4 Bb6 28. Re1 Rc8 29. Re7 g6 30. Rd7 Rxc6 31. Rxd5 Rc1+ 32. Kh2 Rd1 33. Bc5 Bxc5 34. Rxc5 Rxd4 35. Ra5 Rd7 36. Kg3 Kg7 37. Kf4 h5 38. g4 h4 39. f3 Re7 40. g5 Rd7 41. Kg4 Rc7 42. Kxh4 Rd7 43. f4 Rc7 44. Kg4 Rd7 45. Ra4 Rc7 46. h4 Rd7 47. f5 gxf5+ 48. Kxf5 Rd5+ 49. Ke4 Rd7 50. Kf5 Rd5+ 51. Kg4 Rd7 52. h5 Kh7 53. Rf4 Kg7 54. a4 a5 55. h6+ Kg8 56. Kh5 Rd5 57. Re4 Rf5 58. Re8+ Kh7 59. Re4 Rf1 60. Kg4 Rg1+ 61. Kf5 Rf1+ 62. Rf4 Ra1 63. Kf6 Rb1 64. Kxf7 Rb7+ 65. Kf6 Rb6+ 66. Kf5 Rb7 67. Re4 Rb8 68. Re7+ Kg8 69. h7+ Kh8 70. g6 Rf8+ 71. Rf7 Re8 72. Kg5 Re5+ 73. Rf5 Re7 74. Rxa5 Kg7 75. Ra8 Re5+ 76. Kf4 Rg5 77. h8Q+ Kxg6 78. Qg8+ Kf6 79. Qxg5+ Ke6 80. Ra6+ Kd7 81. Qg7+ Kc8 82. Ra8# 1-0

[Event "Titled Tuesday intern op 11th Oct Early"]
[Site "Chess.com INT"]
[Date "2022.10.11"]
[Round "9"]
[White "Terzi, Alexei"]
[Black "Aguilar, Juan"]
[Result "0-1"]
[WhiteElo "2272"]
[BlackElo "2254"]
[PlyCount "30"]
[EventDate "2022.10.11"]
[EventType "swiss (blitz)"]
[EventRounds "11"]
[EventCountry "USA"]
[SourceTitle "EXT 2024"]
[Source "ChessBase"]
[SourceDate "2023.10.10"]
[SourceVersion "1"]
[SourceVersionDate "2023.10.10"]
[SourceQuality "1"]

1. e4 c5 2. Nc3 a6 3. g3 b5 4. Bg2 Bb7 5. Nh3 e6 6. 0-0 b4 7. Na4 Nf6 8. d3 d5 9. e5 Nfd7 10. f4 Nc6 11. c4 Nb6 12. Nxb6 Qxb6 13. cxd5 exd5 14. Bxd5 Rd8 15. Qb3 c4+ 0-1

[Event "Titled Tuesday intern op 04th Oct Early"]
[Site "Chess.com INT"]
[Date "2022.10.04"]
[Round "5"]
[White "Terzi, Alexei"]
[Black "Thiel, Thomas"]
[Result "1-0"]
[WhiteElo "2272"]
[BlackElo "2230"]
[PlyCount "49"]
[EventDate "2022.10.04"]
[EventType "swiss (blitz)"]
[EventRounds "11"]
[EventCountry "USA"]
[SourceTitle "EXT 2023"]
[Source "ChessBase"]
[SourceDate "2022.10.05"]
[SourceVersion "1"]
[SourceVersionDate "2022.10.05"]
[SourceQuality "1"]

1. e4 d5 2. exd5 Nf6 3. Nf3 Nxd5 4. d4 g6 5. Be2 Bg7 6. 0-0 0-0 7. c4 Nb6 8. h3 Nc6 9. Be3 e5 10. d5 Ne7 11. Nc3 Nf5 12. Bc5 Re8 13. Rc1 c6 14. dxc6 bxc6 15. Qxd8 Rxd8 16. Rfd1 Nd4 17. Nxd4 exd4 18. Ne4 d3 19. Rxd3 Rxd3 20. Bxd3 Bxb2 21. Rb1 Bg7 22. Bxb6 axb6 23. Rxb6 Rxa2 24. Rb8 Ra1+ 25. Bf1 1-0